[Event "Titled Tue 20th May Early"]
[Site "chess.com INT"]
[Date "2025.05.20"]
[Round "9"]
[White "Aarav A"]
[Black "Gelman, Alexander"]
[Result "0-1"]
[WhiteTitle "CM"]
[BlackTitle "IM"]
[WhiteElo "2207"]
[BlackElo "2403"]
[WhiteFideId "25162748"]
[BlackFideId "4118316"]
[EventDate "2025.05.20"]

1. e4 c5 2. c3 b6 3. d4 Bb7 4. Bd3 e6 5. Qe2 Nf6 6. f4 cxd4 7. cxd4 Nc6 8. Nf3
Nb4 9. Nc3 Nxd3+ 10. Qxd3 Bb4 11. e5 Ne4 12. Bd2 Bxc3 13. Bxc3 f5 14. exf6 gxf6
15. O-O-O Rc8 16. Rhe1 Nf2 17. Qb5 Nxd1 18. Kxd1 O-O 19. d5 Bxd5 20. f5 Rc5 21.
Qb4 Bxf3+ 22. gxf3 Rxf5 23. Rg1+ Rg5 24. Rxg5+ fxg5 25. Qd4 Qe7 26. Bb4 Qf6 0-1

[Event "Titled Tue 20th May Early"]
[Site "chess.com INT"]
[Date "2025.05.20"]
[Round "9"]
[White "Koridze, Lile"]
[Black "Zmijanac, Dusko"]
[Result "1-0"]
[WhiteTitle "WFM"]
[BlackTitle "FM"]
[WhiteElo "2110"]
[BlackElo "1977"]
[WhiteFideId "13612514"]
[BlackFideId "908762"]
[EventDate "2025.05.20"]

1. d4 c5 2. d5 Nf6 3. c4 g6 4. Nc3 Bg7 5. e4 d6 6. Bd3 O-O 7. Nf3 Na6 8. O-O Nc7
9. h3 Rb8 10. Qe2 Bd7 11. e5 Nfe8 12. Re1 a6 13. Bg5 f6 14. exf6 exf6 15. Bf4 f5
16. Ng5 b5 17. Ne6 Bxe6 18. dxe6 Qe7 19. cxb5 axb5 20. Nxb5 Nxb5 21. Bxb5 Nc7
22. a4 Nd5 23. Bh2 Bd4 24. Rad1 Nb4 25. b3 Rf6 26. Qc4 d5 27. Qe2 Bc3 28. Bxb8
Bxe1 29. Rxe1 d4 30. Bd6 Qxd6 31. e7 1-0

[Event "Titled Tue 20th May Early"]
[Site "chess.com INT"]
[Date "2025.05.20"]
[Round "9"]
[White "Piddubna, Bozhena"]
[Black "Herrera Ortiz, Miguel"]
[Result "1-0"]
[WhiteTitle "WFM"]
[BlackTitle "IM"]
[WhiteElo "2174"]
[BlackElo "2174"]
[WhiteFideId "34109293"]
[BlackFideId "5100550"]
[EventDate "2025.05.20"]

1. d4 e6 2. c4 f5 3. g3 Nf6 4. Nf3 Be7 5. Nc3 O-O 6. Bf4 d6 7. Bg2 Qe8 8. O-O
Nc6 9. Re1 Ne4 10. Qb3 Nxc3 11. bxc3 Bf6 12. e4 fxe4 13. Rxe4 e5 14. dxe5 dxe5
15. Rae1 Bf5 16. R4e3 Kh8 17. Nxe5 Bxe5 18. Bxe5 Qg6 19. Qxb7 Na5 20. Qxc7 1-0

[Event "Titled Tue 20th May Early"]
[Site "chess.com INT"]
[Date "2025.05.20"]
[Round "9"]
[White "Nugumanov, Bakhtiyar"]
[Black "Laddha, Shubh Jayesh"]
[Result "1-0"]
[WhiteTitle "IM"]
[BlackTitle "FM"]
[WhiteElo "2305"]
[BlackElo "2303"]
[WhiteFideId "13701797"]
[BlackFideId "30942799"]
[EventDate "2025.05.20"]

1. e4 c5 2. Nf3 d6 3. d4 cxd4 4. Nxd4 Nf6 5. Nc3 g6 6. Bc4 Nc6 7. Nxc6 bxc6 8.
e5 Ng4 9. exd6 exd6 10. O-O Be7 11. h3 Ne5 12. Bb3 O-O 13. Bf4 Re8 14. Bxe5 dxe5
15. Qf3 Bf6 16. Ne4 Bg7 17. Qxf7+ Kh8 18. Rfd1 Be6 19. Bxe6 Qb6 20. Rd7 Rg8 21.
Ng5 h6 22. Qxg6 hxg5 23. Qh5+ 1-0

[Event "Titled Tue 20th May Early"]
[Site "chess.com INT"]
[Date "2025.05.20"]
[Round "9"]
[White "Yonal, Timur"]
[Black "Mafra, Kaiser Luiz"]
[Result "1-0"]
[WhiteTitle "FM"]
[BlackTitle "CM"]
[WhiteElo "2249"]
[BlackElo "2094"]
[WhiteFideId "44115725"]
[BlackFideId "2106698"]
[EventDate "2025.05.20"]

1. e4 c5 2. Nf3 d6 3. d4 cxd4 4. Nxd4 Nf6 5. Nc3 a6 6. a3 e5 7. Nf5 Be6 8. Bg5
h6 9. Bxf6 gxf6 10. Ne3 Nd7 11. Be2 b5 12. O-O Nb6 13. Ncd5 Nxd5 14. Nxd5 Bxd5
15. Qxd5 Rc8 16. Bh5 Qc7 17. Rac1 Bg7 18. c4 O-O 19. Bg4 Rb8 20. cxb5 Qb6 21.
bxa6 Qxa6 22. Qd2 Rb6 23. Rc3 Rfb8 24. b4 Qb7 25. Bf5 Ra6 26. Rg3 Kf8 27. Qe2 h5
28. Qxh5 1-0

[Event "Titled Tue 20th May Early"]
[Site "chess.com INT"]
[Date "2025.05.20"]
[Round "9"]
[White "Ochedzan, Filip"]
[Black "Vaganian, Rafael A"]
[Result "0-1"]
[WhiteTitle "CM"]
[BlackTitle "GM"]
[WhiteElo "2130"]
[BlackElo "2449"]
[WhiteFideId "21892610"]
[BlackFideId "13300016"]
[EventDate "2025.05.20"]

1. Nf3 Nf6 2. g3 g6 3. Bg2 Bg7 4. O-O O-O 5. d4 d5 6. c3 Bf5 7. Bg5 Ne4 8. Bf4
c5 9. Nh4 Qb6 10. Nxf5 gxf5 11. dxc5 Qxb2 12. Nd2 Nxc3 13. Qb3 Nxe2+ 14. Kh1
Qxb3 15. axb3 Nxf4 16. gxf4 Bxa1 17. Rxa1 e6 18. Nf3 Nc6 19. Rb1 a5 20. Ne1 Rfc8
21. Nd3 Nb4 22. Ne5 Rxc5 23. Bf3 Rd8 24. Bh5 Kf8 25. Bxf7 Nc6 26. Bxe6 Nxe5 27.
fxe5 f4 28. Re1 d4 29. Bf5 d3 30. Kg2 d2 31. Rd1 Rc1 32. Bg4 Rxd1 33. Bxd1 Ke7
34. Kf3 Rd4 0-1

[Event "Titled Tue 20th May Early"]
[Site "chess.com INT"]
[Date "2025.05.20"]
[Round "9"]
[White "Tursunalieva, Nurelina"]
[Black "Katishonok, Nikolaj"]
[Result "0-1"]
[WhiteTitle "WCM"]
[BlackTitle "FM"]
[WhiteElo "1810"]
[BlackElo "2004"]
[WhiteFideId "13817329"]
[BlackFideId "11600225"]
[EventDate "2025.05.20"]

1. e4 e6 2. d4 d5 3. e5 c5 4. c3 Bd7 5. a3 Qb6 6. Nf3 Bb5 7. Be2 Nd7 8. O-O Rc8
9. b4 cxd4 10. cxd4 Ne7 11. Bb2 a5 12. Bxb5 Qxb5 13. Nc3 Qc4 14. Rc1 axb4 15.
Ne4 dxe4 16. Rxc4 Rxc4 17. Nd2 Rc8 18. Nxe4 Nc6 19. axb4 Bxb4 20. Qb3 O-O 21. f4
Nb6 22. f5 exf5 23. Rxf5 Rcd8 24. Qg3 Nxd4 25. Bxd4 Rxd4 26. Nf6+ Kh8 27. Nh5
Rd1+ 28. Kf2 Be1+ 29. Ke2 Bxg3 30. Kxd1 Bxh2 31. Kc2 g6 32. Rg5 h6 33. Rg4 gxh5
34. Rh4 Bxe5 35. Rxh5 Bg7 36. Rxh6+ Bxh6 0-1

[Event "Titled Tue 20th May Early"]
[Site "chess.com INT"]
[Date "2025.05.20"]
[Round "9"]
[White "Xiong, Jeffery"]
[Black "Popov, Tikhon"]
[Result "1-0"]
[WhiteTitle "GM"]
[BlackTitle "CM"]
[WhiteElo "2636"]
[BlackElo "2173"]
[WhiteFideId "2047640"]
[BlackFideId "24252026"]
[EventDate "2025.05.20"]

1. e4 c5 2. Nf3 e6 3. c3 d5 4. e5 d4 5. d3 Nc6 6. g3 Nge7 7. Bg2 Ng6 8. Qe2 Qc7
9. cxd4 cxd4 10. O-O Ngxe5 11. Nxe5 Nxe5 12. Bf4 Bd6 13. Na3 a6 14. Rac1 Nc6 15.
Bxd6 Qxd6 16. Nc4 Qd8 17. Ne5 Nxe5 18. Qxe5 O-O 19. Rc7 f6 20. Qc5 Rb8 21. Rc1
e5 22. Qa7 Bf5 23. Bxb7 Bxd3 24. Bxa6 Ra8 25. Rxg7+ Kh8 26. Bxd3 Rxa7 27. Rxa7
f5 28. Rcc7 Qf6 29. Rxh7+ Kg8 30. Bc4+ 1-0

[Event "Titled Tue 20th May Early"]
[Site "chess.com INT"]
[Date "2025.05.20"]
[Round "9"]
[White "Molina, Roberto Junio Brito"]
[Black "Azadaliyev, Jahandar"]
[Result "0-1"]
[WhiteTitle "IM"]
[BlackTitle "FM"]
[WhiteElo "2381"]
[BlackElo "2290"]
[WhiteFideId "2109450"]
[BlackFideId "13425811"]
[EventDate "2025.05.20"]

1. d4 Nf6 2. c4 e6 3. Nf3 Bb4+ 4. Bd2 Be7 5. Nc3 d5 6. Bg5 O-O 7. e3 c6 8. Rc1
Nbd7 9. Qc2 h6 10. Bh4 Bd6 11. Bd3 Re8 12. O-O Qc7 13. cxd5 Nxd5 14. Qd2 Nxc3
15. bxc3 e5 16. e4 c5 17. Bg3 b6 18. d5 c4 19. Bc2 Nc5 20. Nh4 Qd8 21. Qe2 b5
22. Rb1 a6 23. Nf5 Bxf5 24. exf5 e4 25. Rfd1 Nd3 26. f3 Qb6+ 27. Kf1 Bxg3 28.
hxg3 exf3 29. Qxf3 Re3 30. Qg4 Re1+ 0-1

[Event "Titled Tue 20th May Early"]
[Site "chess.com INT"]
[Date "2025.05.20"]
[Round "9"]
[White "Carlsson, Ludvig"]
[Black "Maycock Bates, David Henry"]
[Result "1-0"]
[WhiteTitle "IM"]
[BlackTitle "CM"]
[WhiteElo "2374"]
[BlackElo "2274"]
[WhiteFideId "1727010"]
[BlackFideId "5142547"]
[EventDate "2025.05.20"]

1. e4 e5 2. Nf3 Nc6 3. Nc3 Nf6 4. d4 exd4 5. Nxd4 Bb4 6. Nxc6 bxc6 7. Bd3 d5 8.
Bd2 O-O 9. O-O Re8 10. Nxd5 cxd5 11. Bxb4 dxe4 12. Bb5 Bd7 13. Be2 Qc8 14. Qd4
Bg4 15. Bb5 c6 16. Bc4 Nd5 17. Bxd5 cxd5 18. Bc3 f6 19. Qxd5+ Qe6 20. Qc5 Rac8
21. Qe3 a6 22. h3 Bh5 23. Rfe1 h6 24. a4 Qd5 25. a5 Kh7 26. Qg3 Qf7 27. Re3 f5
28. Qf4 g5 29. Qd6 Re6 30. Qd4 Rd8 31. Qxd8 1-0

[Event "Titled Tue 20th May Early"]
[Site "chess.com INT"]
[Date "2025.05.20"]
[Round "9"]
[White "Begmuratov, Alisher"]
[Black "Aghaei, Alireza"]
[Result "0-1"]
[WhiteTitle "FM"]
[BlackTitle "CM"]
[WhiteElo "2395"]
[BlackElo "2204"]
[WhiteFideId "14203367"]
[BlackFideId "12509914"]
[EventDate "2025.05.20"]

1. Nf3 Nf6 2. g3 e6 3. Bg2 d5 4. O-O Be7 5. d3 O-O 6. Nbd2 c5 7. e4 Nc6 8. Qe2
b6 9. Re1 Bb7 10. e5 Nd7 11. Nf1 Qc7 12. h4 Rfc8 13. h5 h6 14. g4 Nd4 15. Qd1
Nxf3+ 16. Qxf3 Nxe5 17. Qg3 Nd7 18. Bf4 Qd8 19. Nh2 Bf6 20. c3 e5 21. Bd2 Nf8
22. f4 exf4 23. Bxf4 Ne6 24. Be5 Bh4 25. Qh3 Bxe1 26. Rxe1 Ng5 27. Qg3 Qd7 28.
Nf3 Nxf3+ 29. Bxf3 f6 30. Bf4 Re8 31. Rd1 d4 32. Bxb7 Qxb7 33. cxd4 cxd4 34. Rd2
Rac8 35. Rg2 Re6 36. Kh2 Rce8 37. Qf2 Qxg2+ 0-1

[Event "Titled Tue 20th May Early"]
[Site "chess.com INT"]
[Date "2025.05.20"]
[Round "9"]
[White "Novosel, Lovro"]
[Black "Aradhya, Garg"]
[Result "0-1"]
[WhiteTitle "FM"]
[BlackTitle "IM"]
[WhiteElo "2346"]
[BlackElo "2383"]
[WhiteFideId "14547120"]
[BlackFideId "25006746"]
[EventDate "2025.05.20"]

1. d4 d5 2. c4 c6 3. Nf3 Nf6 4. Qc2 g6 5. cxd5 cxd5 6. Nc3 Nc6 7. Bf4 Bg7 8. e3
Bf5 9. Qb3 O-O 10. Be2 Na5 11. Qb4 Rc8 12. O-O Ne4 13. Rfc1 Nxc3 14. Rxc3 Rxc3
15. Qxc3 Nc6 16. Rc1 Qb6 17. a3 Rc8 18. b4 a6 19. Qc5 Qd8 20. h3 e5 21. dxe5 Ne7
22. Nd4 Rxc5 23. Rxc5 Bd7 24. Bg5 Bxe5 25. Rxd5 f6 26. Ne6 Qc8 0-1

[Event "Titled Tue 20th May Early"]
[Site "chess.com INT"]
[Date "2025.05.20"]
[Round "9"]
[White "Ostanin, Vadim"]
[Black "Moosavifar, Seyed Abolfazl"]
[Result "1-0"]
[WhiteTitle "FM"]
[BlackTitle "FM"]
[WhiteElo "2317"]
[BlackElo "2303"]
[WhiteFideId "24125016"]
[BlackFideId "42548195"]
[EventDate "2025.05.20"]

1. e4 e6 2. d4 d5 3. Nc3 Nf6 4. e5 Nfd7 5. f4 c5 6. Nf3 Nc6 7. Be3 Be7 8. Qd2 a6
9. dxc5 Bxc5 10. Bxc5 Nxc5 11. Nd4 Bd7 12. O-O-O b5 13. Nxc6 Bxc6 14. Qd4 Nd7
15. h4 Qb6 16. Ne2 Qxd4 17. Nxd4 Bb7 18. h5 Ke7 19. Bd3 Nc5 20. h6 Nxd3+ 21.
Rxd3 gxh6 22. Rxh6 Rhg8 23. g3 Rg7 24. f5 Rg5 25. fxe6 Rh8 26. Rf3 fxe6 27.
Rxe6+ Kd8 28. Rf7 Kc8 29. Rb6 Ba8 30. Ne6 1-0

[Event "Titled Tue 20th May Early"]
[Site "chess.com INT"]
[Date "2025.05.20"]
[Round "9"]
[White "Yelisieiev, Yevhenii"]
[Black "Shimanov, Aleksandr"]
[Result "0-1"]
[WhiteTitle "IM"]
[BlackTitle "GM"]
[WhiteElo "2412"]
[BlackElo "2578"]
[WhiteFideId "14139642"]
[BlackFideId "4198603"]
[EventDate "2025.05.20"]

1. d4 Nf6 2. Nf3 g6 3. g3 Bg7 4. Bg2 O-O 5. O-O b6 6. b3 Bb7 7. Bb2 c5 8. dxc5
bxc5 9. c4 d6 10. Nc3 Nbd7 11. Qc2 Qb8 12. Rfe1 Bc6 13. e4 e5 14. Rad1 Rd8 15.
Nd5 Bxd5 16. cxd5 Nb6 17. Bf1 Qc7 18. Nd2 Bh6 19. Bb5 Qe7 20. Nc4 Nxc4 21. bxc4
Nh5 22. Rf1 Rf8 23. Qc3 f5 24. exf5 Rxf5 25. Ba4 Raf8 26. Bc2 Rf3 27. Rd3 R3f7
28. Bc1 Bxc1 29. Rxc1 Rxf2 30. Qe1 Qg5 31. Ra3 Nf4 32. Be4 Ne2+ 0-1

[Event "Titled Tue 20th May Early"]
[Site "chess.com INT"]
[Date "2025.05.20"]
[Round "9"]
[White "Erece, Ece Alkim"]
[Black "Sitnic, Adnan"]
[Result "0-1"]
[WhiteTitle "WCM"]
[BlackTitle "CM"]
[WhiteElo "1843"]
[BlackElo "2105"]
[WhiteFideId "6346006"]
[BlackFideId "14403854"]
[EventDate "2025.05.20"]

1. e4 c6 2. d4 d5 3. exd5 cxd5 4. Bd3 Nf6 5. Nf3 g6 6. O-O Bg7 7. Bf4 O-O 8. c3
Nc6 9. Nbd2 a6 10. Qe2 Re8 11. h3 Bf5 12. Bxf5 gxf5 13. Ne5 e6 14. Rae1 Ne7 15.
Bg5 Qc7 16. Qe3 Ng6 17. f4 Ne4 18. Nxe4 dxe4 19. Nxg6 fxg6 20. g4 Rad8 21. Bxd8
Rxd8 22. Kg2 Qa5 23. a3 Qb6 24. Re2 Kf7 25. h4 Qb3 26. h5 Bf6 27. hxg6+ hxg6 28.
Rh1 Rh8 29. Rxh8 Bxh8 30. Qh3 Bg7 31. Qe3 Qd5 32. Rc2 b5 33. Re2 Qd8 34. gxf5
exf5 35. Kf1 Qh4 36. Rf2 Qh1+ 37. Ke2 Qb1 38. Qd2 Bh6 39. Ke3 Qg1 40. d5 Kf6 41.
d6 Bxf4+ 42. Ke2 Bxd2 0-1

[Event "Titled Tue 20th May Early"]
[Site "chess.com INT"]
[Date "2025.05.20"]
[Round "9"]
[White "Maltsevskaya, Aleksandra"]
[Black "Villalba, Marcelo"]
[Result "1-0"]
[WhiteTitle "IM"]
[BlackTitle "IM"]
[WhiteElo "2398"]
[BlackElo "2233"]
[WhiteFideId "24174041"]
[BlackFideId "3701859"]
[EventDate "2025.05.20"]

1. e4 e5 2. Nf3 Nc6 3. Bb5 a6 4. Ba4 Nf6 5. O-O Be7 6. Re1 b5 7. Bb3 d6 8. c3
O-O 9. h3 Bb7 10. d3 Re8 11. a3 Bf8 12. Nbd2 Bc8 13. d4 exd4 14. cxd4 Na5 15.
Bc2 Bb7 16. e5 dxe5 17. dxe5 Nd7 18. b4 Nc4 19. Nxc4 bxc4 20. Ng5 g6 21. e6 fxe6
22. Nxh7 Kxh7 23. Qh5+ Kg8 24. Bxg6 Bg7 25. Qh7+ Kf8 26. Bh6 Bxh6 27. Qf7# 1-0

[Event "Titled Tue 20th May Early"]
[Site "chess.com INT"]
[Date "2025.05.20"]
[Round "9"]
[White "Pribelszky, Bence"]
[Black "Kozlov, Oleg"]
[Result "1-0"]
[WhiteTitle "IM"]
[BlackTitle "IM"]
[WhiteElo "2400"]
[BlackElo "2253"]
[WhiteFideId "769738"]
[BlackFideId "4104544"]
[EventDate "2025.05.20"]

1. e4 c5 2. Nf3 e6 3. d4 cxd4 4. Nxd4 a6 5. c4 Nf6 6. Nc3 Bb4 7. Qd3 Qc7 8. f3
Nc6 9. a3 Bc5 10. Nb3 Bd6 11. c5 Bxh2 12. Bg5 Qg3+ 13. Ke2 Qxg5 14. Rxh2 Ne5 15.
Qd4 Ng6 16. Kf2 Qf4 17. g3 Qe5 18. Qe3 h5 19. Be2 h4 20. f4 hxg3+ 21. Kxg3 Qc7
22. Rxh8+ Nxh8 23. e5 Ng8 24. Ne4 Nh6 25. Nd6+ Kf8 26. Nd4 b6 27. cxb6 Qb8 28.
Bf3 Ng6 29. Rc1 1-0

[Event "Titled Tue 20th May Early"]
[Site "chess.com INT"]
[Date "2025.05.20"]
[Round "9"]
[White "Nakonechnyi, Oleksii"]
[Black "Gibala, Adam"]
[Result "0-1"]
[BlackTitle "CM"]
[WhiteElo "2224"]
[BlackElo "2239"]
[WhiteFideId "34173714"]
[BlackFideId "21070288"]
[EventDate "2025.05.20"]

1. e4 c6 2. d4 d5 3. Nd2 dxe4 4. Nxe4 Nd7 5. Nf3 Ndf6 6. Bd3 Nxe4 7. Bxe4 Nf6 8.
Bd3 Bg4 9. c3 e6 10. h3 Bh5 11. Be2 Be7 12. O-O O-O 13. Qb3 Qb6 14. Qc2 Bg6 15.
Qa4 Rfd8 16. Ne5 c5 17. dxc5 Bxc5 18. Bg5 Qxb2 19. Bf3 Bxf2+ 20. Kh1 Bg3 21.
Nxg6 hxg6 22. Rab1 Qxc3 23. Rxb7 Bd6 24. Rxa7 Qe5 25. Kg1 Rxa7 26. Qh4 Qh2+ 27.
Kf2 Bg3+ 28. Qxg3 Rxa2+ 0-1

[Event "Titled Tue 20th May Early"]
[Site "chess.com INT"]
[Date "2025.05.20"]
[Round "9"]
[White "Torres Rebolledo, Alvaro"]
[Black "Liu, Casper"]
[Result "0-1"]
[WhiteTitle "FM"]
[BlackTitle "FM"]
[WhiteElo "2336"]
[BlackElo "2325"]
[WhiteFideId "54587670"]
[BlackFideId "1454153"]
[EventDate "2025.05.20"]

1. Nf3 Nf6 2. g3 b6 3. Bg2 Bb7 4. O-O g6 5. d3 Bg7 6. e4 d6 7. Re1 O-O 8. c4 c5
9. Nc3 a6 10. d4 cxd4 11. Nxd4 Nbd7 12. h3 Rc8 13. b3 b5 14. Bf1 bxc4 15. bxc4
Nb6 16. Qb3 Ba8 17. Nc2 Qc7 18. Ne3 Nxe4 19. Bb2 Nd2 20. Qd1 Nf3+ 21. Kh1 Nxe1+
22. Kh2 Nf3+ 23. Kh1 Nd2+ 24. Kh2 Nxf1+ 25. Qxf1 Nxc4 26. Nxc4 Qxc4 27. Qe1 Qc6
28. f3 Qxf3 29. Qd2 Rxc3 30. Bxc3 Bxc3 31. Qe2 Qxe2+ 32. Kg1 Kh8 0-1

[Event "Titled Tue 20th May Early"]
[Site "chess.com INT"]
[Date "2025.05.20"]
[Round "9"]
[White "Saiz Rodriguez, Daniel Evelio"]
[Black "Yushko, Olga"]
[Result "1-0"]
[WhiteTitle "FM"]
[BlackTitle "WFM"]
[WhiteElo "2187"]
[BlackElo "2036"]
[WhiteFideId "3523420"]
[BlackFideId "14114500"]
[EventDate "2025.05.20"]

1. c4 Nf6 2. Nc3 e6 3. e4 d5 4. cxd5 exd5 5. e5 Ne4 6. Nf3 Nxc3 7. dxc3 Be7 8.
Bd3 O-O 9. O-O c6 10. Nd4 Nd7 11. f4 Nc5 12. Bc2 f6 13. Be3 fxe5 14. fxe5 Ne4
15. Qh5 c5 16. Rxf8+ Bxf8 17. Nf5 Be6 18. Rf1 Nf6 19. exf6 g6 20. Nh6+ Kh8 21.
Qe5 Qd7 22. f7+ Bg7 23. f8=Q+ Bg8 24. Qxa8 1-0

[Event "Titled Tue 20th May Early"]
[Site "chess.com INT"]
[Date "2025.05.20"]
[Round "9"]
[White "Gadzhiev, Ruslan"]
[Black "Rahman, Masruri"]
[Result "1-0"]
[WhiteTitle "CM"]
[BlackTitle "FM"]
[WhiteElo "2169"]
[BlackElo "2407"]
[WhiteFideId "55671926"]
[BlackFideId "7101163"]
[EventDate "2025.05.20"]

1. e4 e6 2. d4 d5 3. Nd2 c5 4. exd5 Qxd5 5. Ngf3 cxd4 6. Bc4 Qd6 7. O-O Nf6 8.
Nb3 Nc6 9. Nbxd4 Nxd4 10. Nxd4 Bd7 11. c3 Qc7 12. Bb3 Bd6 13. h3 Bh2+ 14. Kh1
Bf4 15. Qf3 Bxc1 16. Raxc1 O-O-O 17. Bc2 Kb8 18. Rcd1 h5 19. Kg1 h4 20. Qe3 Rh5
21. Rfe1 Nd5 22. Qf3 Rg5 23. Ne2 Bc6 24. Be4 f5 25. Bxd5 Rxd5 26. Nf4 Rxd1 27.
Qxd1 a6 28. Qd4 Be4 29. Rxe4 fxe4 30. Nxe6 Qe5 31. Qd8+ Ka7 32. Nxg5 e3 33. Qd4+
Qxd4 34. cxd4 e2 35. Nf3 1-0

[Event "Titled Tue 20th May Early"]
[Site "chess.com INT"]
[Date "2025.05.20"]
[Round "9"]
[White "Lisenkov, Svyatoslav"]
[Black "Ibarra Jerez, Jose Carlos"]
[Result "0-1"]
[WhiteTitle "CM"]
[BlackTitle "GM"]
[WhiteElo "2241"]
[BlackElo "2545"]
[WhiteFideId "34264183"]
[BlackFideId "2226332"]
[EventDate "2025.05.20"]

1. e4 c5 2. Nf3 e6 3. Be2 Nc6 4. O-O Nf6 5. Nc3 a6 6. Re1 b5 7. e5 Ng4 8. Bf1
Qc7 9. Qe2 f6 10. Nd5 exd5 11. exf6+ Be7 12. Qxe7+ Nxe7 13. Rxe7+ Kd8 14. Rxg7
Nxf6 15. d4 Rg8 16. Bg5 Rxg7 17. Bxf6+ Re7 18. Re1 d6 19. dxc5 dxc5 20. Ng5 Ke8
21. Bxe7 Qxe7 22. Rxe7+ Kxe7 0-1

[Event "Titled Tue 20th May Early"]
[Site "chess.com INT"]
[Date "2025.05.20"]
[Round "9"]
[White "Flis, Pawel"]
[Black "Novikova, Anna"]
[Result "1-0"]
[WhiteTitle "CM"]
[BlackTitle "WIM"]
[WhiteElo "1954"]
[BlackElo "2179"]
[WhiteFideId "1112864"]
[BlackFideId "4146794"]
[EventDate "2025.05.20"]

1. e4 c5 2. Nf3 g6 3. c4 Bg7 4. d4 cxd4 5. Nxd4 Nc6 6. Be3 Nf6 7. Nc3 O-O 8. Be2
d6 9. O-O Bd7 10. f3 Nxd4 11. Bxd4 Bc6 12. Qd2 a6 13. b4 Qc7 14. Rac1 Bd7 15.
Bxf6 Bxf6 16. Nd5 Qb8 17. Nxf6+ exf6 18. Rfd1 Qa7+ 19. Qd4 Qxd4+ 20. Rxd4 Be6
21. Rxd6 Rfd8 22. Rcd1 Rdc8 23. c5 Rc7 24. R1d2 Rac8 25. f4 Kg7 26. Kf2 1-0

[Event "Titled Tue 20th May Early"]
[Site "chess.com INT"]
[Date "2025.05.20"]
[Round "9"]
[White "Gkavardinas, Antonios"]
[Black "Yang, Kaiqi"]
[Result "1-0"]
[WhiteTitle "FM"]
[BlackTitle "GM"]
[WhiteElo "2313"]
[BlackElo "2481"]
[WhiteFideId "25883097"]
[BlackFideId "8604398"]
[EventDate "2025.05.20"]

1. e4 c5 2. Nf3 a6 3. c3 d5 4. exd5 Qxd5 5. d4 e6 6. Bd3 Nf6 7. O-O Nbd7 8. Re1
Be7 9. Nbd2 cxd4 10. Nxd4 Nc5 11. Bc2 b6 12. N2f3 Bb7 13. Bg5 h6 14. Bxf6 Bxf6
15. b4 Rd8 16. bxc5 bxc5 17. Be4 Qd7 18. Bxb7 Qxb7 19. Qa4+ Kf8 20. Nc6 Rc8 21.
Nce5 Kg8 22. Rad1 Rc7 23. h3 Kh7 24. Ng4 Bxc3 25. Qc2+ g6 26. Qxc3 h5 27. Nf6+
Kh6 28. Nd5 Rd8 29. Nxc7 Rxd1 30. Qh8# 1-0

[Event "Titled Tue 20th May Early"]
[Site "chess.com INT"]
[Date "2025.05.20"]
[Round "9"]
[White "Dorrance, Adam"]
[Black "Jaiveer, Mahendru"]
[Result "1-0"]
[WhiteTitle "FM"]
[BlackTitle "FM"]
[WhiteElo "2301"]
[BlackElo "2230"]
[WhiteFideId "2618567"]
[BlackFideId "25611151"]
[EventDate "2025.05.20"]

1. c4 c6 2. Nf3 d5 3. e3 Nf6 4. Nc3 g6 5. b3 Bg7 6. Bb2 O-O 7. Be2 a5 8. O-O Na6
9. a3 Bf5 10. cxd5 Nxd5 11. Rc1 Ndc7 12. Na4 Bxb2 13. Nxb2 Nd5 14. Nc4 Nf6 15.
d4 h5 16. Qd2 Nb8 17. Qb2 Kg7 18. Rfd1 Nbd7 19. Nfe5 Nb6 20. Nxb6 Qxb6 21. f3
Be6 22. Bc4 Bxc4 23. Rxc4 a4 24. Rb4 Qc7 25. bxa4 Ra7 26. e4 Rfa8 27. Rb1 Rxa4
28. Rxa4 Rxa4 29. Qb3 1-0

[Event "Titled Tue 20th May Early"]
[Site "chess.com INT"]
[Date "2025.05.20"]
[Round "9"]
[White "Khodabandeh, Milad"]
[Black "Winkels, Marcel"]
[Result "1-0"]
[WhiteTitle "CM"]
[BlackTitle "CM"]
[WhiteElo "1957"]
[BlackElo "1918"]
[WhiteFideId "12538620"]
[BlackFideId "1003887"]
[EventDate "2025.05.20"]

1. e4 c5 2. Nf3 d6 3. d4 cxd4 4. Nxd4 Nf6 5. Nc3 a6 6. h3 e5 7. Nde2 h5 8. Bg5
Nbd7 9. Ng3 Be7 10. Be2 h4 11. Nf5 Nc5 12. Nxg7+ Kf8 13. Nf5 Bxf5 14. exf5 Rg8
15. Bxh4 Qd7 16. g4 Qc6 17. Bf3 e4 18. Bg2 b5 19. Qd2 b4 20. Nd1 Qb5 21. Qh6+
Ke8 22. Bxf6 Ra7 23. Ne3 Qc6 24. O-O-O d5 25. Nxd5 Bd6 26. Be5 Rd7 27. Nf6+ Ke7
28. Nxg8+ 1-0

[Event "Titled Tue 20th May Early"]
[Site "chess.com INT"]
[Date "2025.05.20"]
[Round "9"]
[White "Goncharov, Vladimir"]
[Black "Starosta, Martyna"]
[Result "1-0"]
[BlackTitle "WFM"]
[WhiteElo "2077"]
[BlackElo "2182"]
[WhiteFideId "34162256"]
[BlackFideId "21818754"]
[EventDate "2025.05.20"]

1. d4 d5 2. c4 dxc4 3. e4 e5 4. Nf3 exd4 5. Bxc4 Nf6 6. O-O Nc6 7. e5 Nd5 8.
Nxd4 Nxd4 9. Qxd4 Be6 10. Nd2 Be7 11. Ne4 O-O 12. Bd2 c6 13. Rad1 Qc7 14. Ng5
Bxg5 15. Bxg5 h6 16. Bh4 b5 17. Bd3 Nb6 18. Qe4 g6 19. b3 Bd5 20. Qe3 Kh7 21. f4
Nd7 22. Bf2 Rae8 23. Qg3 f5 24. exf6 Rxf6 25. Bd4 Rfe6 26. f5 Qxg3 27. hxg3 Re2
28. fxg6+ Kg8 29. Bxe2 Rxe2 30. Rf2 Re6 31. g7 Ne5 32. Rf8+ Kxg7 33. Rf5 1-0